000 00285nam a22001337a 4500
008 170323b xxu||||| |||| 00| 0 eng d
020 _a9780443058837
041 _aeng
080 _a616.9
100 _a8
101 _aSHM
245 _aINFECTIOUS DISEASES
_cBALL.P
942 _2udc
_cBK
999 _c8499
_d8499